| 000 | 00694nam a2200193 a 4500 | ||
|---|---|---|---|
| 001 | 000042685 | ||
| 005 | 20201002040327.0 | ||
| 008 | 140206s1999 sp a 000 0 spa d | ||
| 020 | _a8440690258 | ||
| 040 |
_aDO-SdBNP _bspa _cBNPHU |
||
| 100 | 1 |
_aMillman, Lawrence _969987 |
|
| 240 | 1 | 0 | _aLast places. A journey in the north |
| 245 | 1 | 0 |
_aEn los confines del mundo : _bpor el Atlántico Norte, siguiendo la ruta de los vikingos / _cLawrence Millman; traducción, Ángela Pérez. |
| 260 |
_aBarcelona, : _bEdiciones B, _c1999. |
||
| 300 |
_a297 p. ; _c19 cm. |
||
| 490 | 1 | _aBiblioteca Grandes Viajeros | |
| 700 | 1 |
_aPérez, Ángela _etrad. _911936 |
|
| 830 | 0 |
_aBiblioteca Grandes Viajeros _969748 |
|
| 999 |
_c42174 _d42174 |
||